Normal view
MARC view
- المعهد الاسلامي للبحوث والتدريب/البنك الاسلامي للتنمية
Entry Personal Name
001 - CONTROL NUMBER
- control field: 27835
003 - CONTROL NUMBER IDENTIFIER
- control field: JO-AjAnu
005 - DATE AND TIME OF LATEST TRANSACTION
- control field: 20230606074726.0
008 - FIXED-LENGTH DATA ELEMENTS
- fixed length control field: 230606|| aca||aabn | a|a d
040 ## - CATALOGING SOURCE
- Original cataloging agency: JO-AjAnu
- Transcribing agency: JO-AjAnu
100 ## - HEADING--PERSONAL NAME
- Personal name: المعهد الاسلامي للبحوث والتدريب/البنك الاسلامي للتنمية
670 ## - SOURCE DATA FOUND
- Source citation: Work cat.: (JO-AjAnu)14292: المعهد الاسلامي للبحوث والتدريب/البنك الاسلامي للتنمية, author, اعداد الامة الاسلامية للقرن الحادي والعشرين في مجالات التعاون الاقتصادي والتجاري والمالي بين الدول الاعضاء في منظمة المؤتمر الاسلامي